000
00321nam a22001457a 4500
008
230717b ||||| |||| 00| 0 eng d
020
_a
978007230524
041
_a
eng
080
_a
51
082
_a
51COB
100
_a
23
101
_a
MATEM
245
_a
PRECALCULUS GRAPHS AND MODELS
_c
COBURN.W.J
942
_2
udc
_c
BK
999
_c
60147
_d
60147